<?xml version="1.0" encoding="UTF-8"?>
<record
    xmlns:xsi="http://www.w3.org/2001/XMLSchema-instance"
    xsi:schemaLocation="http://www.loc.gov/MARC21/slim http://www.loc.gov/standards/marcxml/schema/MARC21slim.xsd"
    xmlns="http://www.loc.gov/MARC21/slim">

  <leader>01075nac a22001691u 4500</leader>
  <controlfield tag="008">080903t        ua|||||r|||| 001 0 ara d</controlfield>
  <datafield tag="082" ind1=" " ind2=" ">
    <subfield code="a">189.014</subfield>
    <subfield code="b">&#x645; &#x627; &#x633;</subfield>
    <subfield code="2">22</subfield>
  </datafield>
  <datafield tag="245" ind1=" " ind2=" ">
    <subfield code="a">&#x645;&#x62D;&#x627;&#x636;&#x631;&#x627;&#x62A; &#x641;&#x64A; &#x62A;&#x627;&#x631;&#x64A;&#x62E; &#x627;&#x644;&#x627;&#x635;&#x637;&#x644;&#x627;&#x62D;&#x627;&#x62A; &#x627;&#x644;&#x641;&#x644;&#x633;&#x641;&#x64A;&#x629; &#x627;&#x644;&#x639;&#x631;&#x628;&#x64A;&#x629; :</subfield>
    <subfield code="b">&#x645;&#x646; 25 &#x646;&#x648;&#x641;&#x645;&#x628;&#x631; &#x633;&#x646;&#x629; 1912 &#x625;&#x644;&#x64A; 24 &#x623;&#x628;&#x631;&#x64A;&#x644; &#x633;&#x646;&#x629; 1913  /</subfield>
    <subfield code="c">&#x644;&#x648;&#x64A;&#x633; &#x645;&#x627;&#x633;&#x64A;&#x646;&#x64A;&#x648;&#x646; &#x61B;&#x62A;&#x635;&#x62F;&#x64A;&#x631; &#x627;&#x628;&#x631;&#x627;&#x647;&#x64A;&#x645; &#x645;&#x62F;&#x643;&#x648;&#x631; &#x61B; &#x62A;&#x62D;&#x642;&#x64A;&#x642; &#x632;&#x64A;&#x646;&#x628; &#x645;&#x62D;&#x645;&#x648;&#x62F; &#x627;&#x644;&#x62E;&#x636;&#x64A;&#x631;&#x64A;</subfield>
  </datafield>
  <datafield tag="260" ind1=" " ind2=" ">
    <subfield code="a">&#x627;&#x644;&#x642;&#x627;&#x647;&#x631;&#x629; :</subfield>
    <subfield code="b">&#x627;&#x644;&#x645;&#x639;&#x647;&#x62F; &#x627;&#x644;&#x639;&#x644;&#x645;&#x64A; &#x627;&#x644;&#x641;&#x631;&#x646;&#x633;&#x64A; &#x644;&#x644;&#x622;&#x62B;&#x627;&#x631; &#x627;&#x644;&#x634;&#x631;&#x642;&#x64A;&#x629; &#x60C;</subfield>
    <subfield code="c">[1983]</subfield>
  </datafield>
  <datafield tag="300" ind1=" " ind2=" ">
    <subfield code="a">252 &#x635; ;</subfield>
    <subfield code="c">24 &#x633;&#x645; .</subfield>
    <subfield code="b">&#x627;&#x64A;&#x636; ;</subfield>
  </datafield>
  <datafield tag="500" ind1=" " ind2=" ">
    <subfield code="a">&#x627;&#x644;&#x639;&#x646;&#x648;&#x627;&#x646; &#x641;&#x64A; &#x635;&#x641;&#x62D;&#x629; &#x627;&#x644;&#x639;&#x646;&#x648;&#x627;&#x646; &#x627;&#x644;&#x625;&#x636;&#x627;&#x641;&#x64A;&#x629; &#x628;&#x627;&#x644;&#x644;&#x63A;&#x629; &#x627;&#x644;&#x641;&#x631;&#x646;&#x633;&#x64A;&#x629; : : Cours d'historie des termes philosophiques arabes (du 25 novembre 1912 au 24 avril 1913)</subfield>
  </datafield>
  <datafield tag="500" ind1=" " ind2=" ">
    <subfield code="a">&#x645;&#x642;&#x62F;&#x645;&#x629; &#x644;&#x644;&#x643;&#x62A;&#x627;&#x628; &#x628;&#x627;&#x644;&#x644;&#x63A;&#x629; &#x627;&#x644;&#x641;&#x631;&#x646;&#x633;&#x64A;&#x629;</subfield>
  </datafield>
  <datafield tag="511" ind1=" " ind2=" ">
    <subfield code="a">Catalogued by: Sara</subfield>
  </datafield>
  <datafield tag="541" ind1=" " ind2=" ">
    <subfield code="a">&#x623;&#x644;&#x641; &#x628;&#x627;&#x621; &#x61B;</subfield>
    <subfield code="c">&#x634;&#x631;&#x627;&#x621; &#x61B;</subfield>
  </datafield>
  <datafield tag="700" ind1=" " ind2=" ">
    <subfield code="a">&#x627;&#x644;&#x62E;&#x636;&#x64A;&#x631;&#x64A;&#x60C; &#x632;&#x64A;&#x646;&#x628; &#x645;&#x62D;&#x645;&#x648;&#x62F;</subfield>
    <subfield code="9">16510</subfield>
    <subfield code="e">&#x62A;&#x62D;&#x642;&#x64A;&#x642; &#x648;&#x62A;&#x642;&#x62F;&#x64A;&#x645;</subfield>
  </datafield>
  <datafield tag="942" ind1=" " ind2=" ">
    <subfield code="c">BB</subfield>
    <subfield code="k">189.014 &#x645; &#x627; &#x633;</subfield>
    <subfield code="2">ddc</subfield>
  </datafield>
  <datafield tag="999" ind1=" " ind2=" ">
    <subfield code="c">7533</subfield>
    <subfield code="d">7533</subfield>
  </datafield>
  <datafield tag="952" ind1=" " ind2=" ">
    <subfield code="0">0</subfield>
    <subfield code="1">0</subfield>
    <subfield code="2">ddc</subfield>
    <subfield code="4">0</subfield>
    <subfield code="7">0</subfield>
    <subfield code="8">Alef-Baa</subfield>
    <subfield code="a">MAIN</subfield>
    <subfield code="b">MAIN</subfield>
    <subfield code="c">LOW</subfield>
    <subfield code="d">2008-01-28</subfield>
    <subfield code="e">purchase</subfield>
    <subfield code="o">189.014 &#x645;&#x627;&#x633;</subfield>
    <subfield code="p">000009127</subfield>
    <subfield code="r">2025-07-15 00:00:00</subfield>
    <subfield code="y">BB</subfield>
  </datafield>
</record>
